Score 0/10 Timer 00:45
1 Play Today
% Correct
Tony Soprano
The Sopranos (2000)
94%
Jesse Pinkman
Breaking Bad (2014)
92.2%
Frank Columbo
Columbo (1973)
92.1%
Jack Bauer
24 (2004)
92.1%
Kate Austen
Lost (2006)
89.8%
Betty Draper
Mad Men (2008-10)
83.9%
Elizabeth Walton
The Waltons (1974)
81.2%
Dale Cooper
Twin Peaks (1991)
79.8%
Claudia Salinger
Party of Five (1996)
79.1%
Margaret Thompson
Boardwalk Empire (2011)
73%
Remove Ads.
Support Sporcle.
Get the best of Sporcle when you Go Orange. This ad-free experience offers more features, more stats, and more fun while also helping to support Sporcle. Thank you for becoming a member.

You're not logged in!

Compare scores with friends on all Sporcle quizzes.
OR
Log In

Sporcle TV

Today on Sporcle TV


Watch our educational content, quiz creation guides, and fun videos on Sporcle TV.

Show Comments

Extras

Top Quizzes Today


Score Distribution

Paid Content

Your Account Isn't Verified!

In order to create a playlist on Sporcle, you need to verify the email address you used during registration. Go to your Sporcle Settings to finish the process.

Report this User

Report this user for behavior that violates our Community Guidelines.

Details: